Muzycy według państw #1 - Statystyki

Ogólne statystyki
  • Ten quiz został rozwiązany 3 177 razy
  • Średni wynik to 12 z 20
Statystyki odpowiedzi
Muzyk lub zespół Państwo % Poprawnych
Michael Jackson Stany Zjednoczone
99%
The Beatles Wielka Brytania
96%
ABBA Szwecja
90%
Wolfgang Amadeus Mozart Austria
89%
Shakira Kolumbia
82%
Enrique Iglesias Hiszpania
81%
Bob Marley Jamajka
79%
Luciano Pavarotti Włochy
74%
Kraftwerk Niemcy
69%
Björk Islandia
64%
AC/DC Australia
59%
Celine Dion Kanada
58%
U2 Irlandia
53%
Carlos Santana Meksyk
50%
David Guetta Francja
43%
Ravi Shankar Indie
40%
Antonio Carlos Jobim Brazylia
35%
Tiësto  Holandia
32%
Flight of the Conchords Nowa Zelandia
15%
Jean Sibelius Finlandia
13%
Nie znaleziono quizów pasujących do podanych kryteriów
Rozkład punktacji
Procent ludzi z każdym wynikiem
Percentyl według liczby udzielonych odpowiedzi
Twoja historia wyników
Nie rozwiązałeś tego quizu